Geografi

Bibliographic Details
Main Author: Chong Mui Sen
Format: Book
Published: Petaling Jaya : Sasbadi Sdn. Bhd. , 1996
Subjects:

MARC

LEADER 00000cam a2200000 7i4500
001 0000007274
002 000007825
005 20000330.0
020 |a 9830294951 
090 0 0 |a 910   |b CHO 
100 0 |a Chong Mui Sen 
245 1 0 |a Geografi   |c Chong Mui Sen 
260 |a Petaling Jaya :   |b Sasbadi Sdn. Bhd. ,   |c 1996 
300 |a 316p. ;   |c 13cm. 
650 0 0 |a Geography   |x PMR 
999 |a 052036   |b BUKU   |c PINJAMAN   |e PERPUSTAKAAN KOMUNITI PETALING JAYA 
999 |a 052037   |b BUKU   |c RUJUKAN   |e PERPUSTAKAAN KOMUNITI PETALING JAYA 
999 |a 052038   |b BUKU   |c PINJAMAN   |e PERPUSTAKAAN KOMUNITI PETALING JAYA 
999 |a 054857   |b BUKU   |c PINJAMAN   |e PERPUSTAKAAN KOMUNITI CAW KOTA DAMANSARA 
999 |a 054858   |b BUKU   |c PINJAMAN   |e PERPUSTAKAAN KOMUNITI CAW KOTA DAMANSARA